000 00667nam a2200205 a 4500
001 000012682
005 20240530073915.0
008 091116s1986 dr 001 f spa d
040 _aDO-SdBNP
_bspa
_cBNPHU
082 _aRD863.44
_bC718s
100 1 _aColombino Perelló, Héctor,
_d1922-
_929458
245 1 0 _aSuena un hueco /
_cHéctor Colombino Perelló.
260 _aBaní :
_bAndujar,
_c1986.
300 _a183 p. ;
_c20 cm.
500 _aIncluye datos biográficos del autor en la contracubierta
590 _aInventariado, 2020 /LP
650 0 _aNovela dominicana
_9223
650 0 _aLiteratura dominicana.
_967
910 _aValidado. Control de calidad MFF
999 _c12333
_d12333